[Event "HUN-chT2 Szechenyi 1819"]
[Site "Hungary"]
[Date "2019.02.24"]
[Round "6.10"]
[White "Guzs, Laszlo"]
[Black "Kertesz, Zsolt1111"]
[Result "1/2-1/2"]
[WhiteElo "1913"]
[BlackElo "1877"]
[PlyCount "54"]
[EventDate "2018.10.28"]
[EventType "team-tourn"]
[EventRounds "9"]
[EventCountry "HUN"]
[SourceTitle "EXT 2021"]
[Source "ChessBase"]
[SourceDate "2020.10.23"]
[SourceVersion "1"]
[SourceVersionDate "2020.10.23"]
[SourceQuality "1"]
[WhiteTeam "Gyor Elektromos"]
[BlackTeam "Csuti Baki Agrocentrum"]
[WhiteTeamCountry "HUN"]
[BlackTeamCountry "HUN"]

1. Nf3 d5 2. e3 Nf6 3. c4 e6 4. b3 c5 5. Bb2 Nc6 6. cxd5 exd5 7. Bb5 Be7 8. 0-0 0-0 9. d4 a6 10. Be2 b6 11. Nc3 Bb7 12. Rc1 Bd6 13. Na4 Ne4 14. Nd2 cxd4 15. exd4 Bf4 16. Nxe4 Bxc1 17. Nf6+ Qxf6 18. Qxc1 Rac8 19. Bg4 Rcd8 20. Nxb6 Qd6 21. Nd7 Bc8 22. Ba3 Nb4 23. Bxb4 Qxb4 24. Nxf8 Bxg4 25. Qg5 Rxf8 26. Qxg4 Qd2 27. a4 Qb2 1/2-1/2

[Event "Harkany Tenkes Cup 42nd"]
[Site "Harkany"]
[Date "2018.11.29"]
[Round "8"]
[White "Kareva, Natalia"]
[Black "Guzs, Laszlo"]
[Result "1/2-1/2"]
[WhiteElo "2182"]
[BlackElo "1915"]
[PlyCount "75"]
[EventDate "2018.11.23"]
[EventType "swiss"]
[EventRounds "9"]
[EventCountry "HUN"]
[SourceTitle "CBM 187 Extra"]
[Source "ChessBase"]
[SourceDate "2018.11.04"]
[SourceVersion "1"]
[SourceVersionDate "2018.11.04"]
[SourceQuality "1"]

1. d4 Nf6 2. g3 g6 3. Bg2 d5 4. Nf3 Bg7 5. 0-0 0-0 6. c4 c6 7. Nbd2 Bf5 8. Qb3 Qb6 9. c5 Qxb3 10. Nxb3 b6 11. Bf4 Rc8 12. Ne5 Nfd7 13. Rac1 Nxe5 14. Bxe5 Nd7 15. Bxg7 Kxg7 16. f3 Rab8 17. g4 Be6 18. Rc2 bxc5 19. Nxc5 Nxc5 20. dxc5 Rb4 21. e3 a5 22. Rd1 Rcb8 23. Rdd2 h5 24. gxh5 gxh5 25. a3 Rb3 26. e4 f5 27. Kf2 Kf6 28. Ke1 Bg8 29. exd5 Bxd5 30. f4 Bxg2 31. Rxg2 Rf3 32. Rc4 Re3+ 33. Kd1 Rd8+ 34. Kc2 Rd5 35. Rg8 Ke6 36. Rg6+ Kd7 37. Rg2 Ke6 38. Rg6+ 1/2-1/2

[Event "Harkany Tenkes Cup 42nd"]
[Site "Harkany"]
[Date "2018.11.23"]
[Round "1"]
[White "Udvardi, Zalan"]
[Black "Guzs, Laszlo"]
[Result "1-0"]
[WhiteElo "2212"]
[BlackElo "1915"]
[PlyCount "99"]
[EventDate "2018.11.23"]
[EventType "swiss"]
[EventRounds "9"]
[EventCountry "HUN"]
[SourceTitle "CBM 187 Extra"]
[Source "ChessBase"]
[SourceDate "2018.11.04"]
[SourceVersion "1"]
[SourceVersionDate "2018.11.04"]
[SourceQuality "1"]

1. e4 c5 2. c3 d6 3. d4 Nf6 4. Bd3 cxd4 5. cxd4 g6 6. Nc3 Bg7 7. Nf3 0-0 8. Bg5 a6 9. Qd2 Re8 10. Bh6 e5 11. Bxg7 Kxg7 12. 0-0-0 Bg4 13. dxe5 dxe5 14. Qe3 Qa5 15. Bc2 Nbd7 16. Rd6 Re6 17. Rhd1 Rxd6 18. Rxd6 Be6 19. Kb1 h6 20. Rd1 Rc8 21. Nd2 b5 22. Bb3 b4 23. Ne2 Nc5 24. Bxe6 Nxe6 25. Nb3 Qc7 26. Rc1 Qd7 27. Rxc8 Qxc8 28. f3 Qc4 29. Nd2 Qb5 30. b3 Nd7 31. Nc4 Qc5 32. Qxc5 Nexc5 33. Kc2 f5 34. exf5 gxf5 35. Ne3 Kf6 36. Nd5+ Ke6 37. Nxb4 e4 38. fxe4 fxe4 39. Kd2 Nf6 40. Ke3 Ke5 41. h3 h5 42. Nf4 Kf5 43. Nbd5 Ne6 44. Nxf6 Nxf4 45. g4+ hxg4 46. hxg4+ Kg5 47. Nxe4+ Kxg4 48. Nc5 a5 49. Kd4 Kf5 50. Kc4 1-0

[Event "HUN-chT2 Szechenyi 1819"]
[Site "Hungary"]
[Date "2018.10.28"]
[Round "1.10"]
[White "Guzs, Laszlo"]
[Black "Bodorkos, Ferenc"]
[Result "1-0"]
[WhiteElo "1913"]
[BlackElo "1573"]
[PlyCount "79"]
[EventDate "2018.10.28"]
[EventType "team-tourn"]
[EventRounds "9"]
[EventCountry "HUN"]
[SourceTitle "EXT 2021"]
[Source "ChessBase"]
[SourceDate "2020.10.23"]
[SourceVersion "1"]
[SourceVersionDate "2020.10.23"]
[SourceQuality "1"]
[WhiteTeam "Gyor Elektromos"]
[BlackTeam "Arboretum"]
[WhiteTeamCountry "HUN"]
[BlackTeamCountry "HUN"]

1. Nf3 Nc6 2. c4 e5 3. Nc3 d6 4. g3 Nf6 5. Bg2 h6 6. d3 Be7 7. 0-0 0-0 8. a3 a5 9. b3 Nh7 10. Nd5 Be6 11. Bd2 f5 12. Nxe7+ Nxe7 13. Bc3 c5 14. Nd2 Rb8 15. e3 b6 16. Qe2 Ng6 17. d4 Qe7 18. Nf3 e4 19. Nd2 d5 20. Qh5 Qf7 21. b4 axb4 22. axb4 cxd4 23. Bxd4 dxc4 24. b5 Ne7 25. Qxf7+ Kxf7 26. Rfc1 Rfc8 27. Bf1 Nf8 28. Nxc4 Bxc4 29. Bxc4+ Kg6 30. Ra7 Re8 31. Rca1 f4 32. gxf4 Nf5 33. Bf7+ Kh7 34. Bxe8 Nxd4 35. Ra8 Nf3+ 36. Kg2 Rb7 37. Bc6 Rf7 38. Bxe4+ Ng6 39. Kxf3 h5 40. Rg1 1-0

[Event "SVK-ch rapid"]
[Site "Velky Cetin"]
[Date "2018.04.28"]
[Round "1"]
[White "Guzs, Laszlo"]
[Black "Lenic, Luka"]
[Result "0-1"]
[WhiteElo "1920"]
[BlackElo "2659"]
[PlyCount "66"]
[EventDate "2018.04.28"]
[EventType "swiss (rapid)"]
[EventRounds "9"]
[EventCountry "SVK"]
[SourceTitle "CBM 184 Extra"]
[Source "ChessBase"]
[SourceDate "2018.06.28"]
[SourceVersion "1"]
[SourceVersionDate "2018.06.28"]
[SourceQuality "1"]

1. c4 e6 2. Nf3 d5 3. e3 Nf6 4. Nc3 Bd6 5. d4 c6 6. Be2 dxc4 7. Bxc4 Nbd7 8. 0-0 0-0 9. Qc2 e5 10. Ne4 Nxe4 11. Qxe4 Nf6 12. Qh4 exd4 13. Nxd4 Qe7 14. Bd3 Re8 15. h3 Bd7 16. Re1 Ne4 17. Qxe7 Rxe7 18. Bxe4 Rxe4 19. Bd2 c5 20. Nf3 Bc6 21. Bc3 f6 22. Rad1 Re6 23. Rd2 b5 24. b3 Bf8 25. Red1 a5 26. Rd8 Re8 27. Rxe8 Bxe8 28. Nh4 a4 29. bxa4 b4 30. Be1 Bxa4 31. Rb1 Bd7 32. Rb2 Be6 33. Nf3 Bxa2 0-1

[Event "HUN-chT2 Charousek 1415"]
[Site "Hungary"]
[Date "2015.03.22"]
[Round "8"]
[White "Guzs, Laszlo"]
[Black "Parragi, Istvan"]
[Result "0-1"]
[WhiteElo "1951"]
[BlackElo "1867"]
[PlyCount "40"]
[EventDate "2014.10.12"]
[EventType "team-tourn"]
[EventRounds "9"]
[EventCountry "HUN"]
[SourceTitle "EXT 2016"]
[Source "ChessBase"]
[SourceDate "2015.10.08"]
[SourceVersion "1"]
[SourceVersionDate "2015.10.08"]
[SourceQuality "1"]
[WhiteTeam "Gyor Elektromos"]
[BlackTeam "SZASTE"]
[WhiteTeamCountry "HUN"]
[BlackTeamCountry "HUN"]

1. d4 Nf6 2. Nf3 e6 3. c4 c5 4. Nc3 cxd4 5. Nxd4 Bb4 6. e3 Bxc3+ 7. bxc3 Qa5 8. Qb3 Ne4 9. Qb4 Qd8 10. Ba3 Na6 11. Qb2 d6 12. Nb5 0-0 13. 0-0-0 Qf6 14. f3 Nec5 15. Rxd6 Bd7 16. Rxd7 Nxd7 17. Bxf8 Nxf8 18. Nd4 Nc5 19. e4 Rd8 20. Qf2 Nxe4 0-1

[Event "HUN-chT2 Charousek 1415"]
[Site "Hungary"]
[Date "2015.03.01"]
[Round "7"]
[White "Guzs, Laszlo"]
[Black "Mullner, Janos"]
[Result "1/2-1/2"]
[WhiteElo "1951"]
[BlackElo "1976"]
[PlyCount "39"]
[EventDate "2014.10.12"]
[EventType "team-tourn"]
[EventRounds "9"]
[EventCountry "HUN"]
[SourceTitle "EXT 2016"]
[Source "ChessBase"]
[SourceDate "2015.10.08"]
[SourceVersion "1"]
[SourceVersionDate "2015.10.08"]
[SourceQuality "1"]
[WhiteTeam "Gyor Elektromos"]
[BlackTeam "Biatorbagy"]
[WhiteTeamCountry "HUN"]
[BlackTeamCountry "HUN"]

1. d4 Nf6 2. c4 g6 3. Nc3 d5 4. cxd5 Nxd5 5. e4 Nxc3 6. bxc3 Bg7 7. Nf3 c5 8. Bb5+ Bd7 9. Bxd7+ Qxd7 10. 0-0 cxd4 11. cxd4 Nc6 12. Be3 0-0 13. Rb1 Na5 14. Qe2 Rac8 15. Rfc1 b6 16. h3 Rxc1+ 17. Rxc1 Rc8 18. Qa6 Rxc1+ 19. Bxc1 Qb7 20. Qd3 1/2-1/2

[Event "HUN-chT2 Charousek 1213"]
[Site "Hungary"]
[Date "2013.02.17"]
[Round "7"]
[White "Fur, Katinka"]
[Black "Guzs, Laszlo"]
[Result "1/2-1/2"]
[WhiteElo "2038"]
[BlackElo "2010"]
[PlyCount "29"]
[EventDate "2012.09.16"]
[EventType "team-tourn"]
[EventRounds "11"]
[EventCountry "HUN"]
[SourceTitle "EXT 2014"]
[Source "ChessBase"]
[SourceDate "2013.11.20"]
[SourceVersion "1"]
[SourceVersionDate "2013.11.20"]
[SourceQuality "1"]
[WhiteTeam "Balatonfuered"]
[BlackTeam "Gyor"]
[WhiteTeamCountry "HUN"]
[BlackTeamCountry "HUN"]

1. d4 Nf6 2. Nf3 e6 3. c4 b6 4. g3 Ba6 5. b3 Bb4+ 6. Bd2 Qe7 7. Bg2 c6 8. 0-0 Bxd2 9. Nbxd2 d5 10. Ne5 Nfd7 11. f4 Nxe5 12. fxe5 Nd7 13. e4 dxc4 14. bxc4 0-0 15. Qh5 1/2-1/2

[Event "HUN-chT2 Charousek 0809"]
[Site "Hungary"]
[Date "2009.04.05"]
[Round "10"]
[White "Guzs, Laszlo"]
[Black "Koban, Balint"]
[Result "1/2-1/2"]
[WhiteElo "2044"]
[BlackElo "2210"]
[PlyCount "120"]
[EventDate "2008.10.26"]
[EventType "team-tourn"]
[EventRounds "11"]
[EventCountry "HUN"]
[SourceTitle "EXT 2010"]
[Source "ChessBase"]
[SourceDate "2010.11.25"]
[SourceVersion "1"]
[SourceVersionDate "2010.11.25"]
[SourceQuality "1"]
[WhiteTeam "Gyor Elektromos"]
[BlackTeam "Aquaprofit II"]
[WhiteTeamCountry "HUN"]
[BlackTeamCountry "HUN"]

1. d4 Nf6 2. c4 g6 3. Nc3 d5 4. cxd5 Nxd5 5. e4 Nxc3 6. bxc3 Bg7 7. Bc4 c5 8. Ne2 Nc6 9. Be3 0-0 10. 0-0 Na5 11. Bd3 b6 12. Qd2 e5 13. d5 f5 14. Bg5 Qd6 15. f3 f4 16. Bh4 h6 17. Kh1 g5 18. Bf2 h5 19. Ng1 Bh6 20. c4 Bd7 21. Qb2 Nb7 22. Be1 Nd8 23. Bc3 Nf7 24. a4 a5 25. Rfb1 Rab8 26. Ra3 Bg7 27. Qf2 Kh7 28. Ra2 Bf6 29. Ne2 Rg8 30. Bc2 Rbf8 31. g3 Kh8 32. gxf4 gxf4 33. Rab2 Bd8 34. Rg1 Rxg1+ 35. Nxg1 Rg8 36. Bd1 Qg6 37. Qf1 Qf6 38. Rg2 Ng5 39. Qf2 Kh7 40. Qb2 Bc7 41. Be1 Rg6 42. Bh4 Qg7 43. Bxg5 Rxg5 44. Rxg5 Qxg5 45. Qf2 Kh6 46. Ne2 h4 47. Nc3 Kh5 48. Qg1 Qxg1+ 49. Kxg1 h3 50. Be2 Bd8 51. Nb5 Bh4 52. Bf1 Be1 53. Be2 Kg6 54. Bd3 Kf6 55. Bc2 Ke7 56. Bd1 Bd2 57. Bc2 Be3+ 58. Kf1 Be8 59. Bd1 Kd7 60. Bc2 Bg6 1/2-1/2

[Event "HUN-chT2 Charousek 0809"]
[Site "Hungary"]
[Date "2009.02.08"]
[Round "7"]
[White "Guzs, Laszlo"]
[Black "Kende, Gyorgy"]
[Result "1/2-1/2"]
[WhiteElo "2044"]
[BlackElo "2214"]
[PlyCount "37"]
[EventDate "2008.10.26"]
[EventType "team-tourn"]
[EventRounds "11"]
[EventCountry "HUN"]
[SourceTitle "EXT 2010"]
[Source "ChessBase"]
[SourceDate "2010.11.25"]
[SourceVersion "1"]
[SourceVersionDate "2010.11.25"]
[SourceQuality "1"]
[WhiteTeam "Gyor Elektromos"]
[BlackTeam "Honved"]
[WhiteTeamCountry "HUN"]
[BlackTeamCountry "HUN"]

1. d4 g6 2. Nf3 Bg7 3. g3 Nf6 4. Bg2 0-0 5. 0-0 d6 6. c4 Nc6 7. Nc3 Bg4 8. h3 Bxf3 9. Bxf3 Nd7 10. e3 e5 11. d5 Na5 12. Be2 Nb6 13. b3 c5 14. e4 f5 15. f3 Nd7 16. Bd2 Nf6 17. Bd3 Qd7 18. Kh2 b6 19. Ne2 1/2-1/2

[Event "HUN-chT2 Charousek 0708"]
[Site "Hungary"]
[Date "2008.05.18"]
[Round "11"]
[White "Misetane Burjan, Anita"]
[Black "Guzs, Laszlo"]
[Result "1/2-1/2"]
[WhiteElo "2025"]
[BlackElo "2059"]
[PlyCount "35"]
[EventDate "2007.10.14"]
[EventType "team"]
[EventRounds "11"]
[EventCountry "HUN"]
[SourceTitle "EXT 2009"]
[Source "ChessBase"]
[SourceDate "2008.11.26"]
[SourceVersion "1"]
[SourceVersionDate "2008.11.26"]
[SourceQuality "1"]
[WhiteTeam "Szenna Pack"]
[BlackTeam "Gyor Elektromos"]
[WhiteTeamCountry "HUN"]
[BlackTeamCountry "HUN"]

1. e4 e5 2. Bc4 Nf6 3. d3 Nc6 4. Nf3 Be7 5. Nc3 d6 6. h3 Na5 7. Bb3 c6 8. d4 Qc7 9. d5 Nxb3 10. axb3 cxd5 11. Nxd5 Nxd5 12. exd5 b5 13. Qd3 Bd7 14. c4 0-0 15. Ng5 f5 16. Ne6 Bxe6 17. dxe6 bxc4 18. bxc4 1/2-1/2

[Event "HUN-chT2 Charousek 0708"]
[Site "Hungary"]
[Date "2008.03.16"]
[Round "8"]
[White "Guzs, Laszlo"]
[Black "Szerenyi, Bence"]
[Result "1-0"]
[WhiteElo "2059"]
[BlackElo "1880"]
[PlyCount "61"]
[EventDate "2007.10.14"]
[EventType "team"]
[EventRounds "11"]
[EventCountry "HUN"]
[SourceTitle "EXT 2009"]
[Source "ChessBase"]
[SourceDate "2008.11.26"]
[SourceVersion "1"]
[SourceVersionDate "2008.11.26"]
[SourceQuality "1"]
[WhiteTeam "Gyor Elektromos"]
[BlackTeam "Vizugy"]
[WhiteTeamCountry "HUN"]
[BlackTeamCountry "HUN"]

1. d4 Nf6 2. Nf3 c5 3. d5 b5 4. Bg5 Ne4 5. Bf4 Qb6 6. Nbd2 Nxd2 7. Qxd2 d6 8. e4 Bg4 9. Be2 Nd7 10. 0-0 h6 11. Rfe1 g5 12. Bg3 Bg7 13. e5 0-0-0 14. a4 Bxf3 15. Bxf3 b4 16. a5 Qc7 17. exd6 exd6 18. c3 f5 19. Bxd6 Qxd6 20. Re6 Qf4 21. Rc6+ Kb8 22. Qd3 c4 23. Rxc4 Ne5 24. Rxf4 Nxd3 25. Rxf5 bxc3 26. bxc3 Bxc3 27. Ra3 Rc8 28. Rb3+ Nb4 29. d6 Rc4 30. Rb5+ Kc8 31. Rxc3 1-0

[Event "HUN-chT2 Charousek 0708"]
[Site "Hungary"]
[Date "2008.03.02"]
[Round "7"]
[White "Kovacs, Dezso"]
[Black "Guzs, Laszlo"]
[Result "1/2-1/2"]
[WhiteElo "2023"]
[BlackElo "2059"]
[PlyCount "110"]
[EventDate "2007.10.14"]
[EventType "team"]
[EventRounds "11"]
[EventCountry "HUN"]
[SourceTitle "EXT 2009"]
[Source "ChessBase"]
[SourceDate "2008.11.26"]
[SourceVersion "1"]
[SourceVersionDate "2008.11.26"]
[SourceQuality "1"]
[WhiteTeam "Lovo"]
[BlackTeam "Gyor Elektromos"]
[WhiteTeamCountry "HUN"]
[BlackTeamCountry "HUN"]

1. c4 e5 2. Nc3 Nf6 3. g3 d5 4. cxd5 Nxd5 5. Bg2 Nf6 6. Nf3 Bd6 7. d3 h6 8. 0-0 c6 9. a3 Be6 10. b4 a6 11. Bb2 Nbd7 12. Rc1 Qe7 13. Na4 a5 14. Nc5 axb4 15. axb4 Ra2 16. Nxb7 Rxb2 17. Rxc6 0-0 18. Nxd6 Nb8 19. Rb6 Qc7 20. Qc1 Qxb6 21. Qxb2 Qxd6 22. Nxe5 Bd5 23. Nc4 Qe6 24. Rc1 Bxg2 25. Kxg2 Re8 26. Rc2 Qd5+ 27. Kg1 Nc6 28. Ne3 Qd4 29. b5 Qxb2 30. Rxb2 Nd4 31. Kf1 Rb8 32. b6 Nd7 33. Nc4 Kf8 34. h4 Ke7 35. e3 Nf5 36. b7 Nd6 37. Na5 Kf6 38. d4 Ke6 39. e4 f6 40. f4 Re8 41. Nc6 Nxe4 42. b8Q Nxb8 43. Nxb8 Nxg3+ 44. Kg2 Nf5 45. Re2+ Kf7 46. Rxe8 Kxe8 47. h5 Nxd4 48. Na6 Kf7 49. Nc5 g5 50. fxg5 hxg5 51. Ne4 Ne6 52. Nd6+ Kg8 53. Kf3 Kh7 54. Kg4 Nd8 55. Ne8 Ne6 1/2-1/2

[Event "HUN-chT2 Charousek 0607"]
[Site "Hungary"]
[Date "2007.02.18"]
[Round "5"]
[White "Fodor, Adam"]
[Black "Guzs, Laszlo"]
[Result "1-0"]
[WhiteElo "1909"]
[BlackElo "2070"]
[PlyCount "61"]
[EventDate "2006.11.12"]
[EventType "team"]
[EventRounds "11"]
[EventCountry "HUN"]
[SourceTitle "EXT 2008"]
[Source "ChessBase"]
[SourceDate "2007.11.25"]
[SourceVersion "1"]
[SourceVersionDate "2007.11.25"]
[SourceQuality "1"]
[WhiteTeam "Paks II"]
[BlackTeam "Gyor Elektromos"]
[WhiteTeamCountry "HUN"]
[BlackTeamCountry "HUN"]

1. d4 Nf6 2. Bg5 d5 3. Nd2 c6 4. Ngf3 h6 5. Bh4 Bf5 6. Ne5 e6 7. e3 Be7 8. Be2 Nbd7 9. Ndf3 Nxe5 10. Nxe5 Ne4 11. Bxe7 Qxe7 12. Bh5 0-0 13. Qe2 Nf6 14. Bf3 c5 15. g4 Be4 16. Bxe4 Nxe4 17. 0-0-0 c4 18. f3 Nd6 19. h4 g6 20. Rh2 Rfc8 21. c3 b5 22. Qc2 Kg7 23. Rf1 a5 24. h5 g5 25. f4 f5 26. gxf5 exf5 27. fxg5 hxg5 28. h6+ Kh7 29. Rxf5 Kg8 30. h7+ Kg7 31. Rf7+ 1-0